Kallfv mapu = tierra azul : antología de la poesía mapuche contemporánea /

Guardado en:
Autor Principal: Barron, Néstor
Otros Autores: Bayer, Osvaldo, pról.
Formato: Libro
Publicado: Buenos Aires : Continente, 2013
Edición:ed.ición bilingue
Materias:
Etiquetas: Agregar Etiqueta
Sin Etiquetas, Sea el primero en etiquetar este registro!
LEADER 01191nam a22002655a 4500
001 CEM.cems014352
005 20140424101446.0
008 130507s2013##################000#0#####d
003 CEMS
020 |a 9789507542558 
082 0 4 |a 898.1008 
100 1 |a Barron, Néstor 
245 1 0 |a Kallfv mapu = tierra azul :  |b antología de la poesía mapuche contemporánea /  |c Selección de Néstor Barron ; prólogo de Osvaldo Bayer 
250 |a ed.ición bilingue 
260 |a Buenos Aires :  |b Continente,  |c 2013 
300 |a 224 p. 
505 0 |a Graciela Huinao -- Elicura Chihuailaf -- Leonel Lienlaf -- María Teresa Panchillo Neculwal -- Roxana Miranda Rupailaf -- Wewún Nagtúl -- David Aniñir Guilitraro -- Bernardo Colipán -- Paulo Huirimilla -- Salvador Mariman -- Carmen Curiche -- Adriana Paredes Pinda -- Maribel Mora Curriao -- María Elisa Huinao Alarcón 
653 |a Literatura 
653 |a Literatura mapuche 
653 |a Poesías 
653 |a Poesías mapuches 
653 |a Poesías mapuches contemporáneas 
653 |a Ministerio de educación-colección literaria 
700 1 |a Bayer, Osvaldo, pról. 
859 |a CEMS  |b BIB. CEMS - 11 de abril  |h 898.1008  |i B278  |p 26933.14  |t Ej.1